| 000 | 00699nam a2200193Ia 4500 | ||
|---|---|---|---|
| 005 | 20251020182606.0 | ||
| 008 | 200515s9999 xx 000 0 und d | ||
| 082 | _aSC/376.4/O36 | ||
| 110 | _aOIT | ||
| 245 | 0 | _aLa rehabilitación profesional de los deficientes mentales | |
| 260 | _aGinebra | ||
| 260 | _c1983 | ||
| 300 | _a123 | ||
| 520 | _aSelección de charlas presentadas en el "Seminario sobre la rehabilitación profesional de los Deficientes Mentales" que tuvo lugar en Kingston, Jamaica del 4 al 15 de setiembre de 1978. el Seminario fue organizado por los gobiernos de Jamaica y Dinamarca y | ||
| 650 | _aDEFICIENCIA MENTAL | ||
| 650 | _aPUB OIT | ||
| 650 | _aSALUD | ||
| 942 | _cLIB | ||
| 999 |
_c3185 _d3185 |
||